000 00443nam a2200169Ia 4500
008 230917s9999||||xx |||||||||||||| ||und||
020 _cRS 699.00
040 _e5001755
_aMAIN
041 _aEnglish
082 _a588 C455B
100 _aChopra, R N
245 0 _aBiology of bryophytes
260 _aNew Delhi
_bNew Age International
_c2019
300 _axi, 354 p.
500 _a3863 19/12/2019 HBD20/8390 18/03/2020 Main Budget
942 _cBK
999 _c657
_d657